000 00524nam a2200169 i 4500
001 104246
003 ES-MaACL
005 20230906183542.0
007 t|
008 051125s1966 sp ||||1| spa d
100 1 _aMikoletzky, Hanns Leo.
_981072
245 1 0 _aHistoria de la cultura /
_cHanns Leo Mikoletzky; [traducción por Francisco Payarols].
260 _aBarcelona :
_bLabor,
_c1966.
300 _aXI, 630 p., 48 lám. ;
_c22 cm.
700 1 _aPayarols, Francisco.
_989715
852 _aES-MaACL
_jC-29255
_bR.59789
999 _c104246
_d104246